|
|
|
|
| LEADER |
01879nam a2200481Ia 4500 |
| 001 |
EBC459668 |
| 003 |
MiAaPQ |
| 005 |
20200520144314.0 |
| 006 |
m o d | |
| 007 |
cr cn||||||||| |
| 008 |
071031s2007 dcuab sb i000 0 eng d |
| 010 |
|
|
|z 2007299873
|
| 020 |
|
|
|z 9780821371831
|
| 020 |
|
|
|z 9780821371848
|
| 020 |
|
|
|z 0821371835 (pbk.)
|
| 035 |
|
|
|a (MiAaPQ)EBC459668
|
| 035 |
|
|
|a (Au-PeEL)EBL459668
|
| 035 |
|
|
|a (CaPaEBR)ebr10369886
|
| 035 |
|
|
|a (CaONFJC)MIL272548
|
| 035 |
|
|
|a (OCoLC)935270964
|
| 040 |
|
|
|a MiAaPQ
|c MiAaPQ
|d MiAaPQ
|
| 050 |
|
4 |
|a GN645
|b .R67 2007
|
| 100 |
1 |
|
|a Rogo, K. O.
|q (Khama O.)
|
| 245 |
1 |
0 |
|a Female genital cutting, women's health and development
|h [electronic resource] :
|b the role of the World Bank /
|c Khama Rogo, Tshiya Subayi, Nahid Toubia.
|
| 260 |
|
|
|a Washington, D.C. :
|b Africa Region Human Development Dept., World Bank,
|c c2007.
|
| 300 |
|
|
|a x, 30 p. :
|b ill., map.
|
| 490 |
1 |
|
|a World Bank working paper ;
|v no. 122
|
| 490 |
1 |
|
|a Africa human development series
|
| 504 |
|
|
|a Includes bibliographical references (p. 25-29).
|
| 533 |
|
|
|a Electronic reproduction. Ann Arbor, MI : ProQuest, 2015. Available via World Wide Web. Access may be limited to ProQuest affiliated libraries.
|
| 610 |
2 |
0 |
|a World Bank.
|
| 650 |
|
0 |
|a Female circumcision
|z Africa.
|
| 650 |
|
0 |
|a Women
|x Health and hygiene
|z Africa.
|
| 650 |
|
0 |
|a Women in development
|z Africa.
|
| 650 |
|
0 |
|a Economic development
|z Africa.
|
| 655 |
|
4 |
|a Electronic books.
|
| 700 |
1 |
|
|a Subayi, Tshiya.
|
| 700 |
1 |
|
|a Toubia, Nahid.
|
| 710 |
2 |
|
|a World Bank.
|b Africa Regional Office.
|b Human Development Dept.
|
| 710 |
2 |
|
|a ProQuest (Firm)
|
| 830 |
|
0 |
|a Africa Region human development series.
|
| 830 |
|
0 |
|a World Bank working paper ;
|v no. 122.
|
| 856 |
4 |
0 |
|u https://ebookcentral.proquest.com/lib/matrademy/detail.action?docID=459668
|z Click to View
|